Whipping up a storm (Record no. 81859)

MARC details
000 -LEADER
fixed length control field 00983cab a22002295a 4500
001 - CONTROL NUMBER
control field L148473
008 - FIXED-LENGTH DATA ELEMENTS--GENERAL INFORMATION
fixed length control field 090922e20090905xxk 000 0 eng d
035 ## - SYSTEM CONTROL NUMBER
System control number (Sirsi) u148473
041 0# - LANGUAGE CODE
Language code of text/sound track or separate title eng
100 1# - MAIN ENTRY--PERSONAL NAME
Personal name King, Vivien
245 00 - TITLE STATEMENT
Title Whipping up a storm
260 ## - PUBLICATION, DISTRIBUTION, ETC.
Date of publication, distribution, etc. 2006
490 ## - SERIES STATEMENT
Series statement Estates Gazette
Volume/sequential designation (0935) 5 September 2009, 106-107(2)
520 ## - SUMMARY, ETC.
Summary, etc. Disputes over service charges provisions in leases and dilapidation issues are the key areas of contention between landlords and tenants. Beyond economic repair is illustated by "Postal Properties Ltd v Boots the Chemist Ltd" QBD 1996 (ABS56035). Examines the role of the independent expert to settle disputes. Reference to case law.
590 ## - LOCAL NOTE (RLIN)
Local note KA
650 24 - SUBJECT ADDED ENTRY--TOPICAL TERM
Topical term or geographic name entry element POSTEL PROPERTIES LTD V BOOTS THE CHEMIST
650 24 - SUBJECT ADDED ENTRY--TOPICAL TERM
Topical term or geographic name entry element MURRAY V BIRMINGHAM CITY COUNCIL
650 24 - SUBJECT ADDED ENTRY--TOPICAL TERM
Topical term or geographic name entry element MASON V TOTALFINAELF UK LTD
651 #4 - SUBJECT ADDED ENTRY--GEOGRAPHIC NAME
Geographic name ENGLAND AND WALES
690 ## - LOCAL SUBJECT ADDED ENTRY--TOPICAL TERM (OCLC, RLIN)
Topical term or geographic name as entry element PROPERTY-COMMERCIAL PROPERTY-COMMERCIAL PROPERTY MANAGEMENT
942 ## - ADDED ENTRY ELEMENTS (KOHA)
Suppress in OPAC 0
Holdings
Withdrawn status Lost status Source of classification or shelving scheme Damaged status Not for loan Home library Current library Shelving location Date acquired Total Checkouts Full call number Barcode Date last seen Copy number Price effective from Koha item type
    Dewey Decimal Classification     London London Journal article 22/09/2009   L148473 148473-1001 06/08/2019 1 06/08/2019 Journal article